Peace: (Record no. 68764)

MARC details
000 -LEADER
fixed length control field 00709nam a22001937a 4500
005 - DATE AND TIME OF LATEST TRANSACTION
control field 2012072709569.0
010 ## - LCCN (DPL NO)
LC control number G-002079
020 ## - INTERNATIONAL STANDARD BOOK NUMBER
International Standard Book Number 9780983149033
Terms of availability 150.00
035 ## - SYSTEM CONTROL NUMBER
System control number G-002079
037 ## - SOURCE OF ACQUISITION
Stock number dpl
Source of stock number/acquisition Gift
100 ## - MAIN ENTRY--PERSONAL NAME
Personal name Saraswatiji, Chidanand
245 ## - TITLE STATEMENT
Title Peace:
Remainder of title For ourselves, our families, our communities and our world
Statement of responsibility, etc by Chidanand Saraswati
260 ## - PUBLICATION, DISTRIBUTION, ETC. (IMPRINT)
Place of publication, distribution, etc Uttarakhand
Name of publisher, distributor, etc Parmarth Niketan
Date of publication, distribution, etc 2006
270 ## - ADDRESS
Address P.O. Swargashram; Rishikesh(Himalayas)
City Uttarakhand
Postal code 249304
300 ## - PHYSICAL DESCRIPTION
Extent 184 p.
Dimensions 20 cm.
942 ## - ADDED ENTRY ELEMENTS (KOHA)
Source of classification or shelving scheme Dewey Decimal Classification
Item type English Books
Call number suffix SAR
Holdings
Withdrawn status Lost status Not for loan Collection code Home library Current library Date acquired Source of acquisition Cost, normal purchase price Full call number Barcode Copy number Cost, replacement price Koha item type
      Non-fiction Vinoba Puri Vinoba Puri 27/07/2012 Gift 150.00 SAR G-002079 1 150.00 English Books

© Delhi Public Library
Hit Counter
free hit counter